El príncipe: comentado por Napoleón Bonaparte

שמור ב:
מידע ביבליוגרפי
מחבר ראשי: Maquiavelo, Nicolás (autor)
מחברים אחרים: Leonetti Jungl, Eli (traductor)
פורמט: ספר
שפה:ספרדית
יצא לאור: Madrid Espasa-Calpe 2008
מהדורה:6a. ed
סדרה:Ciencias y Humanidades, 215
נושאים:
תגים: הוספת תג
אין תגיות, היה/י הראשונ/ה לתייג את הרשומה!

MARC

LEADER 00000cam a2200000 a 4500
001 UCE8907
003 CL-VaPUC
005 20211112105103.0
008 150911e20080000sp |||||||||||||||||spa|d
999 |c 360669  |d 360667 
020 |a 9788467021844 
040 |c Pontificia Universidad Católica de Valparaíso 
082 0 4 |a 320.01  |b MAQ  |2 21 
100 |a Maquiavelo, Nicolás  |e autor  |9 498654 
245 1 3 |a El príncipe: comentado por Napoleón Bonaparte 
250 |a 6a. ed 
260 |a Madrid  |b Espasa-Calpe  |c 2008 
300 |a 252 p 
490 0 |a Ciencias y Humanidades, 215 
583 |a last modification  |c 20150911 12:29:00  |k Rodrigo Vera 
650 7 |a FILOSOFIA POLITICA  |2 CL-VaPUC  |9 581642 
650 0 |a Ciencias Políticas  |9 255201 
650 0 |a Etica política   |9 255799 
700 1 |a Leonetti Jungl, Eli  |e traductor  |9 864369 
942 |c BK  |2 ddc 
945 |d 20150911 12:29:00  |a dcastane 
952 |0 0  |1 0  |3 erb  |4 0  |6 320_010000000000000_MAQ_2008  |7 0  |8 R  |9 470556  |a BIBEDU  |b BIBEDU  |c MCIRC  |i 5198135  |l 1  |o 320.01 MAQ 2008  |p 5198135  |r 2023-06-19  |s 2022-10-13  |w 2019-11-23  |y BK_R  |z Catalogado en:20150911  |k FIL